चिमुकले रामायण (Record no. 952660)

MARC details
000 -LEADER
fixed length control field 00352nam a2200133Ia 4500
008 - FIXED-LENGTH DATA ELEMENTS--GENERAL INFORMATION
fixed length control field 151001s9999||||xx |||||||||||||| ||und||
100 ## - MAIN ENTRY--PERSONAL NAME
Personal name वि वा भिडे
245 ## - TITLE STATEMENT
Title चिमुकले रामायण
250 ## - EDITION STATEMENT
Edition statement 9
260 ## - PUBLICATION, DISTRIBUTION, ETC. (IMPRINT)
Name of publisher, distributor, etc चित्रशाळा प्रकाशन
260 ## - PUBLICATION, DISTRIBUTION, ETC. (IMPRINT)
Date of publication, distribution, etc 1936
300 ## - PHYSICAL DESCRIPTION
Extent 48
365 ## - TRADE PRICE
Price amount 7

No items available.